Welcome to CU Library Online Public Access Catalogue (OPAC)

Macroeconomic theory and policy / (Record no. 5894)

MARC details
000 -LEADER
fixed length control field 00525pam a2200193 i 4500
001 - CONTROL NUMBER
control field 2264777
005 - DATE AND TIME OF LATEST TRANSACTION
control field 20250521125743.0
008 - FIXED-LENGTH DATA ELEMENTS--GENERAL INFORMATION
fixed length control field 780926s1979 nyua b 001 0 eng
020 ## - INTERNATIONAL STANDARD BOOK NUMBER
International Standard Book Number 0060409363
050 00 - LIBRARY OF CONGRESS CALL NUMBER
Classification number HB171.5
Item number .B69492 1979
082 00 - DEWEY DECIMAL CLASSIFICATION NUMBER
Classification number 339
100 1# - MAIN ENTRY--PERSONAL NAME
Personal name Branson, William H.
245 10 - TITLE STATEMENT
Title Macroeconomic theory and policy /
Statement of responsibility, etc. William H. Branson.
250 ## - EDITION STATEMENT
Edition statement 2d ed.
260 ## - PUBLICATION, DISTRIBUTION, ETC.
Place of publication, distribution, etc. New York :
Name of publisher, distributor, etc. Harper & Row,
Date of publication, distribution, etc. c1979.
300 ## - PHYSICAL DESCRIPTION
Extent xiv, 556 p. :
Other physical details ill. ;
Dimensions 24 cm.
650 #0 - SUBJECT ADDED ENTRY--TOPICAL TERM
Topical term or geographic name entry element Macroeconomics.
942 ## - ADDED ENTRY ELEMENTS (KOHA)
Source of classification or shelving scheme Library of Congress Classification
Koha item type Books
Suppress in OPAC No
999 ## -
-- 5894
-- 5894
Holdings
Withdrawn status Lost status Source of classification or shelving scheme Damaged status Not for loan Collection Home library Current library Shelving location Date acquired Total checkouts Full call number Barcode Date last seen Copy number Price effective from Koha item type
    Library of Congress Classification     Non-fiction Undergraduate Library (Christ Temple) Undergraduate Library (Christ Temple) General stacks 05/21/2025   HB172.5 BRA ulct00002545 05/21/2025 1 05/21/2025 Books
    Library of Congress Classification     Non-fiction Undergraduate Library (Christ Temple) Undergraduate Library (Christ Temple) General stacks 05/22/2025   HB172.5 BRA ULCT00002567 05/22/2025 1 05/21/2025 Books
© 2023-2024 Copyright: Central University Libraries. All Rights Reserved | Created by: Mahone Tech Office